000 00642nam a22002297a 4500
005 20170124110235.0
010 _a414790
020 _c00.00
035 _a414790
037 _bCen Lib/Ret
040 _aDPL
_bEN
082 _a301.42
_bMEA
100 _aMead, Margaret
_941923
245 _aFamily /
_cby Margaret Mead [and] Ken Heyman
260 _aNew York
_bThe Macmillan Company
_c1965
270 _bNew York
300 _a208p.:
_c26cm(Hb)
_bill.
650 _aSocial science
_xSociety care
_941924
650 _aParental care
_941925
700 _aHeyman, Ken
_941919
942 _2ddc
_cEN
_h730.95443
_mSHA
999 _c134838
_d134838